Ordained by fate/ (Record no. 11004)

MARC details
000 -LEADER
fixed length control field 00891 a2200241 4500
010 ## - LIBRARY OF CONGRESS CONTROL NUMBER
LC control number ENG-89613
020 ## - INTERNATIONAL STANDARD BOOK NUMBER
Terms of availability 50.00
International Standard Book Number 8126017996
035 ## - SYSTEM CONTROL NUMBER
System control number EN-73146
037 ## - SOURCE OF ACQUISITION
Source of stock number/acquisition DBAD / VEN
082 14 - DEWEY DECIMAL CLASSIFICATION NUMBER
Classification number N
090 ## - LOCALLY ASSIGNED LC-TYPE CALL NUMBER (OCLC); LOCAL CALL NUMBER (OCLC)
-- 11310
-- 11310
100 1# - MAIN ENTRY--PERSONAL NAME
Personal name Bedi, Rajinder Singh
245 1# - TITLE STATEMENT
Title Ordained by fate/
Statement of responsibility, etc by Rajinder Singh Bedi; English translation by Avtar Singh
246 ## - VARYING FORM OF TITLE
Title proper/short title Ek chadar maili si
260 ## - PUBLICATION, DISTRIBUTION, ETC. (IMPRINT)
Place of publication, distribution, etc New Delhi
Name of publisher, distributor, etc Sahitya Akademi
Date of publication, distribution, etc n.d.
260 ## - PUBLICATION, DISTRIBUTION, ETC. (IMPRINT)
Place of publication, distribution, etc Delhi :
Name of publisher, distributor, etc North India Publishers & Distributors
270 ## - ADDRESS
Address Ravindra Bhawan, 35, Ferozshah Road
City New Delhi
Postal code 110 001
300 ## - PHYSICAL DESCRIPTION
Extent 105p.
Dimensions 23 cm ( Pbk.)
500 ## - GENERAL NOTE
General note This English translion by Avtar Singh of Rajinder Singh Bedi's Urdu novel Ek chadar maili si
700 ## - ADDED ENTRY--PERSONAL NAME
Personal name Judge, Avtar Singh
942 ## - ADDED ENTRY ELEMENTS (KOHA)
Institution code [OBSOLETE] dpl
Koha item type English Books
Call number prefix N / BED
Holdings
Withdrawn status Lost status Source of classification or shelving scheme Damaged status Not for loan Collection code Home library Current library Source of acquisition Cost, normal purchase price Total Checkouts Full call number Barcode Date last seen Copy number Uniform Resource Identifier Cost, replacement price Price effective from Koha item type
    Dewey Decimal Classification   Not For Loan Fiction D.B.Act.Division D.B.Act.Division DBAD/PUB 50.00   N BED EN-73146 15/09/2008 1 12108 50.00 15/09/2008 English Books

© Delhi Public Library
Hit Counter
free hit counter